[Event "16th Battle of Senta - OPEN A"]
[Site "Senta"]
[Date "2012.07.15"]
[Round "3.21"]
[White "Vucinic, Gojko"]
[Black "Vranic, Ljubomir"]
[Result "1-0"]
[WhiteElo "2150"]
[BlackElo "2192"]
[PlyCount "163"]
[EventDate "2012.07.14"]

1. e4 c5 2. Nf3 Nc6 3. d4 cxd4 4. Nxd4 e5 5. Nb5 a6 6. Nd6+ Bxd6 7. Qxd6 Qf6 8.
Qxf6 Nxf6 9. Nc3 d5 10. exd5 Nb4 11. Bd3 O-O 12. O-O b5 13. Bg5 Nxd3 14. Bxf6
gxf6 15. cxd3 b4 16. Ne4 Rd8 17. f4 Kg7 18. fxe5 fxe5 19. Nf6 Bb7 20. Rae1 Rd6
21. Nh5+ Kf8 22. Rxe5 Rxd5 23. Rxd5 Bxd5 24. b3 a5 25. Nf6 Be6 26. Nxh7+ Ke7
27. Ng5 Bd5 28. Rf5 Rd8 29. h4 a4 30. bxa4 Bxa2 31. Rb5 b3 32. h5 Rxd3 33. h6
Rd8 34. Rb7+ Kf6 35. Nxf7 Rf8 36. Nd6 Kg6 37. h7 Rh8 38. a5 Rxh7 39. Rxh7 Kxh7
40. Nc4 Bb1 41. Nd2 Bc2 42. Kf2 b2 43. Ke3 Kg6 44. Kd4 Kf5 45. a6 Ba4 46. Kc5
Bc2 47. a7 Be4 48. Nxe4 b1=Q 49. Nd6+ Ke6 50. a8=Q Qg1+ 51. Kc4 Qc1+ 52. Kd3
Kxd6 53. Qe4 Qa3+ 54. Ke2 Qb2+ 55. Kf3 Qc3+ 56. Kg4 Qg7+ 57. Kh3 Qc3+ 58. g3
Qh8+ 59. Qh4 Qc8+ 60. g4 Qc1 61. Qf6+ Kd7 62. Kh4 Qh1+ 63. Kg5 Ke8 64. Qe6+ Kd8
65. Kg6 Qb1+ 66. Kg7 Qb7+ 67. Qf7 Qg2 68. Qf8+ Kd7 69. Qf5+ Ke7 70. g5 Qg1 71.
Qf6+ Ke8 72. g6 Qg4 73. Kg8 Qh3 74. g7 Qb3+ 75. Kh7 Qh3+ 76. Qh6 Qd7 77. Qg6+
Kd8 78. Qf6+ Kc8 79. Qe5 Qd3+ 80. Kh6 Qh3+ 81. Kg5 Qg2+ 82. Kf6 1-0

[Event "16th Battle of Senta - OPEN A"]
[Site "Senta"]
[Date "2012.07.15"]
[Round "3.22"]
[White "Zarkovic, Mila"]
[Black "Savic, Dragan"]
[Result "1-0"]
[WhiteElo "1996"]
[BlackElo "2174"]
[PlyCount "99"]
[EventDate "2012.07.14"]

1. e4 e6 2. d4 d5 3. Nc3 Bb4 4. e5 c5 5. Bd2 Ne7 6. Nb5 Bxd2+ 7. Qxd2 O-O 8.
dxc5 Nbc6 9. f4 b6 10. cxb6 Qxb6 11. c3 Rb8 12. O-O-O Ba6 13. a4 Qa5 14. Qc2
Nf5 15. Re1 d4 16. Bd3 dxc3 17. bxc3 Nb4 18. cxb4 Qxb4 19. Re4 Qe7 20. Kd2 Rfd8
21. Nf3 Bxb5 22. axb5 Rxb5 23. Rb1 Qb7 24. Ke2 Rb6 25. Rxb6 Qxb6 26. Qb1 Qc5
27. Qb4 Qc1 28. g4 Nh6 29. Rd4 Rc8 30. Qb1 Qxb1 31. Bxb1 Nxg4 32. Rd7 a5 33.
Ra7 Rb8 34. Bc2 g6 35. Rxa5 Rb4 36. Ra4 Rxa4 37. Bxa4 h5 38. Ng5 Kf8 39. h3 Nh6
40. Bc2 Kg7 41. Ke3 Ng8 42. Kd4 Ne7 43. Be4 Kf8 44. Kc5 Ke8 45. Nh7 Kd7 46.
Nf6+ Kc7 47. Ne8+ Kd7 48. Nd6 Ng8 49. Nxf7 Ne7 50. Nh8 1-0

[Event "16th Battle of Senta - OPEN A"]
[Site "Senta"]
[Date "2012.07.15"]
[Round "3.23"]
[White "Sakic, Lorand"]
[Black "Dinic, Nenad"]
[Result "1-0"]
[WhiteElo "1971"]
[BlackElo "2024"]
[PlyCount "63"]
[EventDate "2012.07.14"]

1. e4 c5 2. Nf3 Nf6 3. e5 Nd5 4. c4 Nc7 5. d4 cxd4 6. Nxd4 Nc6 7. Nxc6 bxc6 8.
Nc3 g6 9. Bd3 Bg7 10. Qe2 Ne6 11. O-O O-O 12. f4 Qc7 13. Be3 Nd8 14. Bd4 Ne6
15. Be3 Nd8 16. Bf2 Rb8 17. Bg3 Qb6+ 18. Rf2 f5 19. Kh1 Ne6 20. Rb1 a5 21. Rff1
Ba6 22. Bf2 Qc7 23. Be3 Rfd8 24. g4 fxg4 25. Qxg4 Nf8 26. Rg1 d5 27. f5 Qxe5
28. Bf4 Qd4 29. fxg6 h5 30. Qf5 Rb7 31. Qf7+ Kh8 32. Rg5 1-0

[Event "16th Battle of Senta - OPEN A"]
[Site "Senta"]
[Date "2012.07.15"]
[Round "3.24"]
[White "Kaszas, Viktor"]
[Black "Racz, Peter"]
[Result "1/2-1/2"]
[WhiteElo "2011"]
[BlackElo "2006"]
[PlyCount "107"]
[EventDate "2012.07.14"]

1. e4 c5 2. Nf3 d6 3. d4 cxd4 4. Nxd4 Nf6 5. Nc3 Nc6 6. Bc4 e6 7. Be3 Be7 8.
O-O O-O 9. f4 d5 10. exd5 exd5 11. Be2 Bc5 12. Bf2 Ne4 13. Nxe4 dxe4 14. Nxc6
Bxf2+ 15. Rxf2 bxc6 16. Qxd8 Rxd8 17. Re1 Bb7 18. Bf1 c5 19. g4 Re8 20. Bg2 Re7
21. Rfe2 Rae8 22. Re3 Kf8 23. Kf2 Bd5 24. a3 g6 25. g5 f5 26. Rd1 Be6 27. Re2
Rd7 28. Rxd7 Bxd7 29. Ke3 Ke7 30. Rd2 Be6 31. Bf1 Rb8 32. b3 Bxb3 33. cxb3
Rxb3+ 34. Ke2 Rxa3 35. Rb2 Kd6 36. h3 c4 37. Ke1 c3 38. Rc2 Kc5 39. Be2 Kd4 40.
Kf2 Ra1 41. Bb5 Rb1 42. Ba4 Kd3 43. Kg3 Rb2 44. Rc1 c2 45. Bxc2+ Rxc2 46. Ra1
e3 47. Rxa7 Rc4 48. Kf3 e2 49. Ra3+ Rc3 50. Rxc3+ Kxc3 51. Kxe2 Kd4 52. Kf3 Kd3
53. Kf2 Ke4 54. Kg3 1/2-1/2

[Event "16th Battle of Senta - OPEN A"]
[Site "Senta"]
[Date "2012.07.16"]
[Round "4.1"]
[White "Balog, Imre"]
[Black "Gleizerov, Evgeny"]
[Result "1-0"]
[WhiteElo "2542"]
[BlackElo "2565"]
[PlyCount "95"]
[EventDate "2012.07.14"]

1. d4 e6 2. Nf3 f5 3. g3 Nf6 4. Bg2 d5 5. O-O Be7 6. c4 O-O 7. Nc3 c6 8. Qb3
Kh8 9. Bf4 Nbd7 10. Rfd1 Ne4 11. Rac1 Nd6 12. cxd5 exd5 13. Ne5 Nb6 14. Qc2 g5
15. Bd2 Nbc4 16. Be1 f4 17. b3 Bf5 18. Nd3 Bf6 19. bxc4 dxc4 20. d5 c5 21. Ne4
cxd3 22. exd3 Bxe4 23. dxe4 Be5 24. Qxc5 Qf6 25. Bc3 Rfc8 26. Bxe5 Qxe5 27. Qb4
Kg7 28. gxf4 gxf4 29. f3 Kf6 30. Qe1 Rxc1 31. Rxc1 Rc8 32. Qh4+ Kg7 33. Qg4+
Kf6 34. Re1 Rc7 35. Qh4+ Kg7 36. Kh1 h6 37. Qg4+ Kh7 38. Bh3 Re7 39. Rf1 a6 40.
Qg2 Rg7 41. Qc2 Kg6 42. Qf2 Rc7 43. Qb6 Rg7 44. Bf5+ Kh5 45. Be6 Nxe4 46. Bg4+
Rxg4 47. fxg4+ Kg5 48. Qe6 1-0

[Event "16th Battle of Senta - OPEN A"]
[Site "Senta"]
[Date "2012.07.16"]
[Round "4.2"]
[White "Nestorovic, Dejan"]
[Black "Andrijevic, Milan"]
[Result "1/2-1/2"]
[WhiteElo "2404"]
[BlackElo "2345"]
[PlyCount "67"]
[EventDate "2012.07.14"]

1. d4 d5 2. c4 e6 3. Nc3 Nf6 4. Nf3 c5 5. cxd5 Nxd5 6. e4 Nxc3 7. bxc3 cxd4 8.
cxd4 Bb4+ 9. Bd2 Bxd2+ 10. Qxd2 O-O 11. Bc4 Nc6 12. O-O b6 13. Rad1 Na5 14. Bd3
Bb7 15. Rfe1 Qe7 16. Qf4 f6 17. Rc1 Rac8 18. h4 Qf7 19. Rxc8 Rxc8 20. Rc1 Rxc1+
21. Qxc1 Qe7 22. Qc3 Qd6 23. a3 Qc6 24. Qxc6 Nxc6 25. Kf1 Kf8 26. Ke2 e5 27.
Ke3 Nxd4 28. Nxd4 exd4+ 29. Kxd4 Ke7 30. f4 h6 31. g3 Kd6 32. Bc4 Bc6 33. e5+
fxe5+ 34. fxe5+ 1/2-1/2

[Event "16th Battle of Senta - OPEN A"]
[Site "Senta"]
[Date "2012.07.16"]
[Round "4.3"]
[White "Matsenko, Sergei"]
[Black "Lukovic, Vladimir"]
[Result "1/2-1/2"]
[WhiteElo "2460"]
[BlackElo "2329"]
[PlyCount "45"]
[EventDate "2012.07.14"]

1. e4 e5 2. Nf3 Nc6 3. Bb5 a6 4. Ba4 Nf6 5. O-O Be7 6. Re1 b5 7. Bb3 d6 8. c3
O-O 9. h3 Na5 10. Bc2 d5 11. exd5 e4 12. Bxe4 Nxe4 13. Rxe4 Bb7 14. d4 Re8 15.
Bf4 Nc4 16. b3 Nb6 17. Be5 Nxd5 18. Re1 Bd6 19. Qc1 f6 20. Bxd6 Qxd6 21. Nbd2
Rxe1+ 22. Qxe1 Nxc3 23. Nc4 1/2-1/2

[Event "16th Battle of Senta - OPEN A"]
[Site "Senta"]
[Date "2012.07.16"]
[Round "4.6"]
[White "Stankovic, Milos"]
[Black "Farkas, Tibor"]
[Result "1/2-1/2"]
[WhiteElo "2369"]
[BlackElo "2256"]
[PlyCount "49"]
[EventDate "2012.07.14"]

1. e4 e6 2. d4 d5 3. Nc3 Nf6 4. Bg5 Bb4 5. e5 h6 6. Be3 Ne4 7. Qg4 g6 8. a3
Bxc3+ 9. bxc3 c5 10. Bd3 h5 11. Qf4 g5 12. Qf3 Nxc3 13. dxc5 d4 14. Bd2 Nc6 15.
Qg3 Qd5 16. Qxg5 Qxe5+ 17. Qxe5 Nxe5 18. Bxc3 dxc3 19. Ne2 Bd7 20. Nxc3 Rc8 21.
Ne4 Ke7 22. Rb1 f5 23. Ng5 Rxc5 24. O-O b6 25. Rfe1 1/2-1/2

[Event "16th Battle of Senta - OPEN A"]
[Site "Senta"]
[Date "2012.07.16"]
[Round "4.7"]
[White "Cabarkapa, Novak"]
[Black "Dragovic, Momcilo"]
[Result "1/2-1/2"]
[WhiteElo "2254"]
[BlackElo "2364"]
[PlyCount "79"]
[EventDate "2012.07.14"]

1. e4 e5 2. Nf3 Nc6 3. Bb5 f5 4. d3 fxe4 5. dxe4 Nf6 6. O-O d6 7. Qd3 Bd7 8.
Nc3 a6 9. Bxc6 Bxc6 10. Qc4 Qd7 11. a4 Qf7 12. Qxf7+ Kxf7 13. Re1 h6 14. h4 Be7
15. Bd2 b5 16. axb5 axb5 17. Rxa8 Rxa8 18. b4 Ke6 19. Nh2 Nd7 20. g3 Nb6 21.
Ng4 Nc4 22. Bc1 Ra1 23. Kf1 h5 24. Ne3 Nxe3+ 25. Bxe3 Ra3 26. Bd2 Bd8 27. Rd1
Be8 28. Be1 c6 29. Rd3 Ra1 30. Rd1 Rxd1 31. Nxd1 Bg6 32. f3 d5 33. Nf2 Bb6 34.
Ke2 Bd4 35. Bd2 Kd6 36. Be3 c5 37. Bxd4 cxd4 38. Kd3 dxe4+ 39. fxe4 Bf7 40. Nh3
1/2-1/2

[Event "16th Battle of Senta - OPEN A"]
[Site "Senta"]
[Date "2012.07.16"]
[Round "4.9"]
[White "Zivkovic, Sava"]
[Black "Pletl, Akos"]
[Result "1-0"]
[WhiteElo "2340"]
[BlackElo "2251"]
[PlyCount "55"]
[EventDate "2012.07.14"]

1. e4 c5 2. Nf3 e6 3. d4 cxd4 4. Nxd4 Qb6 5. Nc3 Nf6 6. e5 Nd5 7. Nxd5 exd5 8.
Nb5 a6 9. Be3 Qa5+ 10. Bd2 Qb6 11. Nc3 Qe6 12. f4 Nc6 13. Qf3 Nb4 14. Bd3 d4
15. Ne4 d5 16. Ng5 Qc6 17. f5 h6 18. Qh5 g6 19. fxg6 Nxd3+ 20. cxd3 fxg6 21.
Qh4 Be7 22. O-O Be6 23. Rac1 Qb6 24. Rf6 Bxf6 25. exf6 Kf8 26. Rc7 h5 27. Re7
Bg8 28. Qe1 1-0

[Event "16th Battle of Senta - OPEN A"]
[Site "Senta"]
[Date "2012.07.16"]
[Round "4.10"]
[White "Simonyi, Zoltan"]
[Black "Ardeleanu, Alin"]
[Result "0-1"]
[WhiteElo "2219"]
[BlackElo "2335"]
[PlyCount "58"]
[EventDate "2012.07.14"]

1. c4 g6 2. Nc3 Bg7 3. g3 c5 4. Bg2 Nc6 5. a3 d6 6. Rb1 Bf5 7. d3 Bd7 8. Bd2
Nh6 9. h4 Ng4 10. h5 a5 11. Nh3 Rb8 12. Nf4 g5 13. h6 Bxc3 14. Bxc3 gxf4 15.
Bxh8 fxg3 16. fxg3 Ne3 17. Qd2 Nd4 18. Kf2 Nxg2 19. Kxg2 Bc6+ 20. e4 f6 21. b4
axb4 22. axb4 b6 23. Bg7 Ra8 24. Rb2 Ra3 25. Rhb1 Qa8 26. bxc5 Bxe4+ 27. dxe4
Qxe4+ 28. Kh3 Qf5+ 29. Kg2 Qg4 0-1

[Event "16th Battle of Senta - OPEN A"]
[Site "Senta"]
[Date "2012.07.16"]
[Round "4.11"]
[White "Radusinovic, Lazar"]
[Black "Strugnell, Carl"]
[Result "0-1"]
[WhiteElo "2330"]
[BlackElo "2234"]
[PlyCount "102"]
[EventDate "2012.07.14"]

1. d4 Nf6 2. Nf3 g6 3. g3 Bg7 4. Bg2 O-O 5. c4 d5 6. cxd5 Nxd5 7. O-O Nb6 8.
Nc3 Nc6 9. e3 Re8 10. d5 Na5 11. Nd4 Bd7 12. Nb3 Nbc4 13. Nxa5 Nxa5 14. Qd3 c5
15. e4 b5 16. f4 b4 17. Ne2 Qb6 18. Qf3 Bb5 19. e5 f6 20. e6 f5 21. g4 Qa6 22.
Re1 Bd3 23. gxf5 gxf5 24. Ng3 Kh8 25. Be3 Rac8 26. Qf2 Qb5 27. Rad1 Nb7 28. Qd2
c4 29. Nh5 Rg8 30. Kh1 Nd6 31. Nxg7 Kxg7 32. b3 h6 33. bxc4 Bxc4 34. Qd4+ Kh7
35. Rg1 Be2 36. Rd2 a5 37. Qe5 Bh5 38. h3 Rc3 39. Kh2 Qe8 40. Bf1 Rxg1 41. Kxg1
Bf3 42. Kh2 Qg6 43. Bd4 Rc8 44. Bg2 Rg8 45. Qh8+ Rxh8 46. Bxf3 Rg8 47. Rg2 Qe8
48. Rc2 a4 49. Rc7 Nb5 50. d6 Nxc7 51. dxc7 Qg6 0-1

[Event "16th Battle of Senta - OPEN A"]
[Site "Senta"]
[Date "2012.07.16"]
[Round "4.12"]
[White "Scepanovic, Labud"]
[Black "Szabados, Karoly"]
[Result "1/2-1/2"]
[WhiteElo "2205"]
[BlackElo "2091"]
[PlyCount "110"]
[EventDate "2012.07.14"]

1. e4 e6 2. d3 d5 3. Nd2 c5 4. g3 Nc6 5. Bg2 Nf6 6. Ngf3 Be7 7. O-O O-O 8. c3
Qc7 9. Re1 dxe4 10. dxe4 b6 11. Qc2 Rd8 12. Nc4 e5 13. Bg5 Ba6 14. Qa4 Bxc4 15.
Qxc4 h6 16. Bxf6 Bxf6 17. Red1 Rxd1+ 18. Rxd1 Rd8 19. Rd5 Ne7 20. Rd2 Rxd2 21.
Nxd2 Qd7 22. Nf1 g6 23. Bf3 h5 24. Ne3 Bg5 25. Nf1 Bc1 26. Qe2 b5 27. Kg2 c4
28. Qc2 Bh6 29. h3 Nc6 30. Be2 Nd8 31. b3 cxb3 32. Qxb3 a6 33. c4 Nc6 34. cxb5
Nd4 35. Qd3 Qxb5 36. Qxd4 exd4 37. Bxb5 axb5 38. f4 h4 39. Kf3 hxg3 40. Nxg3
Kf8 41. Ne2 d3 42. Nc3 d2 43. Ke2 Bxf4 44. Nxb5 Ke7 45. a4 Kd7 46. a5 Kc6 47.
Nd4+ Kb7 48. Nb3 Ka6 49. Nxd2 Kxa5 50. Nf3 Kb6 51. Kd3 Kc5 52. Nd4 Kd6 53. Nf3
Ke6 54. Ke2 f5 55. exf5+ Kxf5 1/2-1/2

[Event "16th Battle of Senta - OPEN A"]
[Site "Senta"]
[Date "2012.07.16"]
[Round "4.13"]
[White "Dudukovic, Nikola"]
[Black "Vucinic, Gojko"]
[Result "1/2-1/2"]
[WhiteElo "2302"]
[BlackElo "2150"]
[PlyCount "120"]
[EventDate "2012.07.14"]

1. Nf3 c5 2. c4 Nc6 3. g3 e5 4. Nc3 g6 5. Bg2 Bg7 6. O-O Nge7 7. d3 O-O 8. Ne1
d6 9. Nc2 Be6 10. Ne3 Rb8 11. Rb1 a6 12. Ned5 b5 13. Nxe7+ Nxe7 14. cxb5 axb5
15. b4 cxb4 16. Rxb4 Qa5 17. a3 d5 18. Bd2 d4 19. Ne4 Qxa3 20. Qb1 Nd5 21. Rb3
Qa7 22. Rxb5 Rxb5 23. Qxb5 Rb8 24. Qc5 Qa2 25. Qd6 Rc8 26. Ng5 Nc3 27. Nxe6
Nxe2+ 28. Kh1 Qxe6 29. Qxe6 fxe6 30. Bh3 Kf7 31. Ra1 Kf6 32. Ra6 Re8 33. Bf1
Nc3 34. Bxc3 dxc3 35. Rc6 Rb8 36. Rxc3 Rb2 37. Kg1 Bf8 38. Rc4 Bd6 39. Kg2 Bb8
40. Re4 Ba7 41. Re2 Rxe2 42. Bxe2 h5 43. Bf3 Bd4 44. Bc6 Bc5 45. Be8 Bd4 46. h4
Bc3 47. f3 Be1 48. Kh3 Bf2 49. g4 hxg4+ 50. fxg4 Be1 51. Bc6 Bf2 52. Be4 Be1
53. g5+ Kg7 54. Kg4 Bf2 55. Bc6 Be1 56. Ba4 Bf2 57. Bb3 Kf7 58. h5 gxh5+ 59.
Kxh5 Kg7 60. Bxe6 Bd4 1/2-1/2

[Event "16th Battle of Senta - OPEN A"]
[Site "Senta"]
[Date "2012.07.16"]
[Round "4.16"]
[White "Manojlovic, Sava"]
[Black "Petkovic, Radosav"]
[Result "1-0"]
[WhiteElo "2077"]
[BlackElo "2302"]
[PlyCount "67"]
[EventDate "2012.07.14"]

1. d4 Nf6 2. Nf3 g6 3. Bg5 Bg7 4. Nbd2 d6 5. c3 h6 6. Bh4 g5 7. Bg3 Nh5 8. e4
e6 9. Ng1 Nxg3 10. hxg3 Nd7 11. Bd3 c5 12. Ne2 h5 13. Nc4 Qe7 14. Ne3 b6 15. a4
a6 16. Qb3 Rb8 17. f4 h4 18. O-O-O hxg3 19. Rxh8+ Bxh8 20. Rh1 Bg7 21. Rh7 Kf8
22. Nxg3 gxf4 23. Nef5 exf5 24. Nxf5 Qf6 25. Rxg7 b5 26. axb5 axb5 27. Qd1 Nb6
28. e5 dxe5 29. dxe5 Qxe5 30. Qh5 Qe1+ 31. Kc2 Qf2+ 32. Kd1 Qg1+ 33. Ke2 f3+
34. gxf3 1-0

[Event "16th Battle of Senta - OPEN A"]
[Site "Senta"]
[Date "2012.07.16"]
[Round "4.17"]
[White "Banovic, Ivan"]
[Black "Kholopov, Alexander A"]
[Result "1/2-1/2"]
[WhiteElo "2072"]
[BlackElo "2289"]
[PlyCount "77"]
[EventDate "2012.07.14"]

1. d4 f5 2. Nc3 d5 3. Bg5 c6 4. e3 Qb6 5. Rb1 g6 6. Bd3 Bg7 7. Nf3 Nd7 8. Bf4
Ngf6 9. Ng5 c5 10. dxc5 Nxc5 11. Bb5+ Kf8 12. Nxd5 Nxd5 13. Qxd5 Ne6 14. Bc4
Nxg5 15. Bxg5 e6 16. Qd8+ Qxd8 17. Bxd8 Bd7 18. Ba5 Kf7 19. O-O b6 20. Bd2 Bc6
21. Bd3 Rhd8 22. Rfd1 Rd7 23. Bc3 Bxc3 24. bxc3 Rad8 25. f3 Ke7 26. Kf2 e5 27.
Ke1 e4 28. fxe4 fxe4 29. Bc4 Rxd1+ 30. Rxd1 Rxd1+ 31. Kxd1 h6 32. a3 g5 33. Be2
Kd6 34. Kd2 Kc5 35. c4 Be8 36. Kc3 h5 37. g3 h4 38. Bg4 Bc6 39. Bf5 1/2-1/2

[Event "16th Battle of Senta - OPEN A"]
[Site "Senta"]
[Date "2012.07.16"]
[Round "4.18"]
[White "Petrusic, Goran"]
[Black "Kumic, Filip"]
[Result "0-1"]
[WhiteElo "1976"]
[BlackElo "2216"]
[PlyCount "114"]
[EventDate "2012.07.14"]

1. e4 Nf6 2. e5 Nd5 3. d4 d6 4. Nf3 g6 5. Bc4 Nb6 6. Bb3 Bg7 7. Bf4 a5 8. c3 a4
9. Bc2 O-O 10. h3 Nc6 11. Nbd2 Nd5 12. Bg3 a3 13. Qc1 dxe5 14. dxe5 Bh6 15.
bxa3 Nf4 16. Bxf4 Bxf4 17. O-O Nxe5 18. Qb2 Qd6 19. Nxe5 Qxe5 20. Nf3 Qh5 21.
Qb4 Bd6 22. Qh4 Qxh4 23. Nxh4 Bxa3 24. Rab1 Rd8 25. Nf3 b6 26. Bb3 e6 27. Rfd1
Bb7 28. Ne5 Be4 29. Rxd8+ Rxd8 30. Re1 Bb7 31. h4 h5 32. g4 hxg4 33. Nxg4 Kg7
34. Ne3 Rh8 35. Ng2 Bc5 36. Rd1 Bc6 37. Kf1 g5 38. Ne3 gxh4 39. Ke2 Bxe3 40.
Kxe3 h3 41. f3 Kf6 42. Rh1 Kg5 43. Rh2 Kh4 44. Kf2 Rd8 45. Bc4 Rd2+ 46. Kg1
Rxh2 47. Kxh2 Bxf3 48. Bf1 Bg2 49. Be2 f5 50. a3 e5 51. c4 f4 52. a4 e4 53. c5
f3 54. Bc4 e3 55. cxb6 e2 56. bxc7 e1=Q 57. c8=Q Qh1# 0-1

[Event "16th Battle of Senta - OPEN A"]
[Site "Senta"]
[Date "2012.07.16"]
[Round "4.19"]
[White "Sakic, Simeon"]
[Black "Parnicki, Zlatko"]
[Result "1-0"]
[WhiteElo "1961"]
[BlackElo "2194"]
[PlyCount "57"]
[EventDate "2012.07.14"]

1. e4 c5 2. Nf3 Nc6 3. d4 cxd4 4. Nxd4 Nf6 5. Nc3 e6 6. Be3 Bb4 7. Bd3 d5 8.
Nxc6 bxc6 9. e5 Nd7 10. Qg4 Bf8 11. f4 c5 12. Nb5 g6 13. c4 d4 14. Bd2 a6 15.
Na3 Rb8 16. b3 Bb7 17. O-O Be7 18. Rae1 h5 19. Qh3 g5 20. fxg5 Bxg5 21. Qxe6+
Qe7 22. Qxe7+ Bxe7 23. e6 fxe6 24. Rxe6 Nf8 25. Re2 Bc8 26. Rfe1 Be6 27. Bf5
Bxf5 28. Rxe7+ Kd8 29. Re8+ 1-0

[Event "16th Battle of Senta - OPEN A"]
[Site "Senta"]
[Date "2012.07.16"]
[Round "4.20"]
[White "Bejatovic, Bojana"]
[Black "Paroski, Sinisa"]
[Result "1/2-1/2"]
[WhiteElo "1941"]
[BlackElo "2184"]
[PlyCount "67"]
[EventDate "2012.07.14"]

1. Nf3 Nf6 2. d4 e6 3. Bg5 c5 4. e3 b6 5. Bd3 Bb7 6. Nbd2 Be7 7. O-O h6 8. Bh4
O-O 9. c3 d6 10. b4 cxb4 11. cxb4 Nc6 12. Qb3 a6 13. a4 Nd5 14. Bxe7 Qxe7 15.
b5 Na5 16. Qb2 axb5 17. axb5 Rfc8 18. Rfc1 Qd7 19. h3 Kf8 20. e4 Nf4 21. Bf1
Qe7 22. e5 Bd5 23. Qb1 Rxc1 24. Qxc1 Qb7 25. Qa3 Rd8 26. Rc1 Qe7 27. exd6 Qxd6
28. Qxd6+ Rxd6 29. Rc8+ Ke7 30. Rc7+ Rd7 31. Rxd7+ Kxd7 32. Ne5+ Ke7 33. g3 Nh5
34. Ndc4 1/2-1/2

[Event "16th Battle of Senta - OPEN A"]
[Site "Senta"]
[Date "2012.07.16"]
[Round "4.22"]
[White "Dimic, Pavle"]
[Black "Sakic, Lorand"]
[Result "0-1"]
[WhiteElo "2116"]
[BlackElo "1971"]
[PlyCount "40"]
[EventDate "2012.07.14"]

1. d4 d5 2. Nf3 Nf6 3. c4 c6 4. e3 a6 5. Bd2 Bg4 6. cxd5 cxd5 7. Qb3 Qc7 8. Ne5
e6 9. Qa4+ Nbd7 10. Bb5 Bh5 11. Nc3 Rc8 12. Bxd7+ Nxd7 13. Rc1 Qd8 14. O-O Bd6
15. e4 Bxe5 16. dxe5 O-O 17. exd5 Nxe5 18. Qd4 Qf6 19. Be3 Nf3+ 20. gxf3 Qg6+
0-1

[Event "16th Battle of Senta - OPEN A"]
[Site "Senta"]
[Date "2012.07.16"]
[Round "4.23"]
[White "Vranic, Ljubomir"]
[Black "Kaszas, Viktor"]
[Result "1-0"]
[WhiteElo "2192"]
[BlackElo "2011"]
[PlyCount "57"]
[EventDate "2012.07.14"]

1. d4 Nf6 2. c4 g6 3. Nc3 Bg7 4. e4 d6 5. Bd3 O-O 6. h3 e5 7. d5 Na6 8. Nge2
Nc5 9. Bc2 a5 10. Be3 Nfd7 11. g4 Nb6 12. b3 c6 13. Ng3 cxd5 14. cxd5 Bd7 15.
Rc1 a4 16. Qe2 axb3 17. axb3 Ra3 18. Rb1 Qa8 19. Nb5 Bxb5 20. Qxb5 Qa6 21. Qxa6
Rxa6 22. O-O Rc8 23. Rfc1 Raa8 24. b4 Ncd7 25. Bd3 Rxc1+ 26. Rxc1 Rc8 27. Ne2
Bf6 28. Bb5 Bd8 29. Rxc8 1-0

[Event "16th Battle of Senta - OPEN A"]
[Site "Senta"]
[Date "2012.07.17"]
[Round "5.1"]
[White "Andrijevic, Milan"]
[Black "Balog, Imre"]
[Result "0-1"]
[WhiteElo "2345"]
[BlackElo "2542"]
[PlyCount "150"]
[EventDate "2012.07.14"]

1. e4 e6 2. Nf3 d5 3. exd5 exd5 4. d4 Nf6 5. c4 Bb4+ 6. Bd2 Bxd2+ 7. Qxd2 O-O
8. Nc3 Re8+ 9. Ne5 c5 10. O-O-O cxd4 11. Qxd4 Nc6 12. Nxc6 bxc6 13. cxd5 Nxd5
14. Nxd5 cxd5 15. Bd3 Qa5 16. Kb1 Rb8 17. Rc1 Be6 18. Rc5 Qd8 19. f4 Qh4 20. g3
Qh3 21. Rc2 a5 22. Re1 Bf5 23. Rxe8+ Rxe8 24. b3 Be4 25. Kb2 Qf5 26. Re2 h5 27.
h4 Qg4 28. Qf2 g6 29. Bc2 Re6 30. Qe1 Kh7 31. Bxe4 dxe4 32. Rxe4 Rxe4 33. Qxe4
Qxg3 34. Qc4 Qf2+ 35. Ka3 Qa7 36. Ka4 f6 37. Qd5 Kg7 38. f5 Qf2 39. fxg6 Qxh4+
40. Kxa5 Qg5 41. Qxg5 fxg5 42. b4 h4 43. b5 h3 44. b6 h2 45. b7 h1=Q 46. b8=Q
Qd5+ 47. Kb4 Qd4+ 48. Kb3 g4 49. Qc7+ Kxg6 50. Qc6+ Kg5 51. Qc1+ Kf5 52. Qf1+
Ke5 53. Qe2+ Qe4 54. Qh2+ Kd4 55. Qb2+ Ke3 56. Qc1+ Ke2 57. Qb2+ Kf3 58. Qf6+
Qf4 59. Qc6+ Kf2 60. Qc2+ Kf1 61. Qd1+ Kf2 62. Qc2+ Ke1 63. Qc3+ Ke2 64. Qb2+
Qd2 65. Qg7 Qd3+ 66. Kb4 g3 67. a4 Qe4+ 68. Ka5 g2 69. Qb2+ Kf3 70. Qc3+ Qe3
71. Qc6+ Kf2 72. Qc2+ Kf1 73. Qc4+ Ke1 74. Qh4+ Kd2 75. Qd8+ Kc2 0-1

[Event "16th Battle of Senta - OPEN A"]
[Site "Senta"]
[Date "2012.07.17"]
[Round "5.3"]
[White "Ardeleanu, Alin"]
[Black "Nestorovic, Dejan"]
[Result "1/2-1/2"]
[WhiteElo "2335"]
[BlackElo "2404"]
[PlyCount "108"]
[EventDate "2012.07.14"]

1. e4 c5 2. Nf3 e6 3. d4 cxd4 4. Nxd4 Bc5 5. Nb3 Bb6 6. Bd3 Ne7 7. Qe2 O-O 8.
Be3 Bxe3 9. Qxe3 Nbc6 10. O-O f5 11. f4 fxe4 12. Qxe4 Nf5 13. N1d2 d5 14. Qe2
Qd6 15. Rae1 Bd7 16. g3 Rae8 17. Nf3 Re7 18. Ne5 Nxe5 19. fxe5 Qb6+ 20. Qf2
Qxf2+ 21. Rxf2 g6 22. Bxf5 gxf5 23. Nd4 Rg7 24. Rf4 Rc8 25. Kf2 Kf7 26. Ke3 h5
27. Ref1 Rg4 28. Rxg4 hxg4 29. Rf2 Ke7 30. Rf4 Rh8 31. Rf2 Rc8 32. Kd3 Rh8 33.
Rd2 Rc8 34. b3 Bc6 35. Ke3 Bd7 36. Kd3 Bc6 37. c3 Bd7 38. Rc2 Be8 39. Ke3 Rc5
40. Kd2 Bg6 41. Rc1 Rc8 42. Rf1 Rh8 43. Rf2 Be8 44. Ne2 Bb5 45. Nd4 Bd7 46. Ke3
Rc8 47. Kd3 Bc6 48. Ke3 Bd7 49. Kd2 Rh8 50. Ke3 Rc8 51. Rc2 Rc5 52. Kd3 Rc8 53.
Rf2 Rh8 54. Ke3 Rc8 1/2-1/2

[Event "16th Battle of Senta - OPEN A"]
[Site "Senta"]
[Date "2012.07.17"]
[Round "5.4"]
[White "Lukovic, Vladimir"]
[Black "Vujic, Mihailo"]
[Result "1/2-1/2"]
[WhiteElo "2329"]
[BlackElo "2357"]
[PlyCount "124"]
[EventDate "2012.07.14"]

1. e4 e5 2. Nf3 Nc6 3. Bb5 a6 4. Bxc6 dxc6 5. Nc3 Bg4 6. h3 Bxf3 7. Qxf3 Qf6 8.
Qxf6 Nxf6 9. d3 Nd7 10. Be3 Bc5 11. Bxc5 Nxc5 12. O-O-O O-O-O 13. g3 Ne6 14.
Rdf1 Rhf8 15. Nd1 Nd4 16. Ne3 Nf3 17. Kd1 g6 18. g4 Ng5 19. f4 Nxe4 20. Rh2
exf4 21. Rxf4 Nd6 22. g5 Rde8 23. Ng4 Re6 24. Nf6 Rh8 25. Rh4 h5 26. Re2 Rxe2
27. Kxe2 Nf5 28. Rf4 h4 29. d4 Rd8 30. Kd3 c5 31. d5 c6 32. c4 b5 33. Kc3 cxd5
34. Nxd5 b4+ 35. Kb3 Re8 36. a3 bxa3 37. Kxa3 Re1 38. b4 Ra1+ 39. Kb2 Rh1 40.
Rf3 Kb7 41. b5 Rh2+ 42. Kc3 Rg2 43. bxa6+ Kxa6 44. Nf6 Rg3 45. Rd3 Nd4 46. Ne4
Rxd3+ 47. Kxd3 Ne6 48. Kc3 Kb6 49. Kc2 Nf4 50. Kd2 Ne6 51. Kc3 Kc6 52. Kd2 Nd4
53. Ke3 Nf5+ 54. Kf4 Nd6 55. Nd2 Nf5 56. Ke5 Kd7 57. Ne4 Ke7 58. Nxc5 Ne3 59.
Kd4 Nf5+ 60. Ke4 f6 61. Kf4 fxg5+ 62. Kxg5 Ne3 1/2-1/2

[Event "16th Battle of Senta - OPEN A"]
[Site "Senta"]
[Date "2012.07.17"]
[Round "5.7"]
[White "Arsovic, Goran"]
[Black "Tancik, Kristijan"]
[Result "1/2-1/2"]
[WhiteElo "2426"]
[BlackElo "2289"]
[PlyCount "35"]
[EventDate "2012.07.14"]

1. d4 Nf6 2. Nf3 e6 3. c4 d5 4. Nc3 Bb4 5. Bg5 O-O 6. e3 c5 7. cxd5 exd5 8. Be2
Be6 9. O-O Nbd7 10. Ne5 Bxc3 11. bxc3 Nxe5 12. dxe5 h6 13. Bh4 g5 14. exf6 gxh4
15. f4 Bf5 16. Bf3 Re8 17. Bxd5 Qxf6 18. Bxb7 1/2-1/2

[Event "16th Battle of Senta - OPEN A"]
[Site "Senta"]
[Date "2012.07.17"]
[Round "5.8"]
[White "Nadj Hedjesi, Balind"]
[Black "Pezelj, Novak"]
[Result "1/2-1/2"]
[WhiteElo "2381"]
[BlackElo "2327"]
[PlyCount "21"]
[EventDate "2012.07.14"]

1. e4 e6 2. d4 d5 3. Nc3 dxe4 4. Nxe4 Nd7 5. Bd3 Ngf6 6. Nxf6+ Nxf6 7. Nf3 Be7
8. O-O O-O 9. Bg5 c5 10. dxc5 Bxc5 11. Ne5 1/2-1/2